00237nam a2200097Ia 4500008004100000082001900041100001800060245001600078260003700094300000800131150731s2012 xx 000 0 und d a615.53bA 12 S aSHARMA, NITIN aAGAD TANTRA bCHAUKHAMBHA PUB. NEW DELHIc2012 a252